000
00374nam a2200181Ia 4500
100
_a
Cormen/Thomas H
650
_a
Algorithms
250
_a
3
942
_c
BK
366
_f
25
654
_a
algorithms
245
_a
Introduction to Algorithms
260
_b
Prentice Hall of India
_c
2009
082
_a
5.1
_b
COR
300
_a
1292
546
_a
ENGLISH
999
_c
27904
_d
27904